| 000 | 00482nam a22001817a 4500 | ||
|---|---|---|---|
| 999 |
_c7580 _d7580 |
||
| 003 | OSt | ||
| 005 | 20211213105629.0 | ||
| 008 | 211213b ||||| |||| 00| 0 eng d | ||
| 020 | _a0415770327 | ||
| 040 | _cDDC | ||
| 082 | _a574.74 SOL 2007 | ||
| 245 | _aSolving the Riddle of Globalization and Development. | ||
| 260 |
_aNew York: _bRoutledge; _c2007, |
||
| 300 |
_axxi,300p.: _bill; _c24cm |
||
| 504 | _aIncludes Index. | ||
| 650 |
_aGlobal Analysis . _915504 |
||
| 942 |
_2ddc _cBOOK |
||